| 000 | 00921nam a22002657a 4500 | ||
|---|---|---|---|
| 001 | BR0403811 | ||
| 003 | BR-BrBNA | ||
| 005 | 20230928101659.0 | ||
| 007 | ta | ||
| 008 | 230509b bl.||||| |||| 00| 0 por d | ||
| 040 |
_aBR-BrBNA _bpor _cBiblioteca Nacional de Agricultura |
||
| 041 | _a(Por) | ||
| 072 | _aE14 | ||
| 090 | _ E14 BR0403811 | ||
| 110 | 1 | _aBanco do Nordeste, Fortaleza, CE(Brasil) | |
| 245 | 1 | _aO papel do Banco do Nordeste do Brasil neste novo Brasil; o banco do nordeste Brasil tem como missão tornar-se um vigoroso agente de transformação sócio-econômica no desenvolvimento do país, construída em alicerces de democracia e justiça | |
| 260 | 3 |
_aFortaleza, CE(Brasil): _c2003. |
|
| 300 | _a17 p. | ||
| 500 | _a18 illus. | ||
| 650 | _aAGRICULTURA SUSTENTÁVEL | ||
| 650 | _aFOME ZERO | ||
| 650 | _aPOLÍTICA DE DESENVOLVIMENTO | ||
| 909 |
_a202309 _bLucia _c55 _dLucia Elande |
||
| 942 | _cBK | ||
| 999 |
_c67030 _d67030 |
||